000 00636cab a2200193 4500
001 WB3037-47
008 090401t1994 xxu||||| |||| 00| 0 eng d
035 _a(Sirsi) u61999
041 _aeng
245 _aBuilding from a local base
260 _c1994
350 _a0
490 _aFinancial Times
_v7 October 1994, 23(1)
520 _aDiscusses how BICC, the cable and construction company is going about winning work in Malaysia following the lifting of the ban on the award of public contracts to overseas agents.
650 _aPUBLIC CONTRACTS
690 _aOVERSEAS-REST OF THE WORLD
942 _n0
948 _c04/03/1997
999 _c38480
_d38480